| 000 | 00586nam a2200157Ia 4500 | ||
|---|---|---|---|
| 008 | 160316s1988 xxu||||| |||| 00| 0 eng d | ||
| 082 |
_a303.400000 _bOST |
||
| 100 | _aOstrom Vincent | ||
| 245 | _aRethinking institutional analysis and development issues : Alternatives and choices | ||
| 250 | _a | ||
| 260 |
_aCalifornia _bInstitute for Contemporary Studies _c1988 |
||
| 300 |
_a486p. _b20 cm _cxvi |
||
| 365 | _b$12.95 | ||
| 650 | _a1.Economic Development - Socio-political Aspects 2.Institution Building - Developing Countries - Economic Policy | ||
| 700 |
_aFeeny David _aPicht Hartmut |
||
| 999 |
_c3845 _d3845 |
||